| 000 | 00902nam a2200277 i 4500 | ||
|---|---|---|---|
| 003 | DO-SdBNP | ||
| 005 | 20240305073656.0 | ||
| 007 | ta | ||
| 008 | 110413s2012 dr 000 0 spa d | ||
| 020 | _a9789000390951 | ||
| 040 |
_aDO-SdBNP _bspa _cBNPHU _erda |
||
| 082 |
_bM843 _222 |
||
| 100 | 1 |
_aMoreno García, Bárbara _912719 _d1964- |
|
| 245 | 1 | 0 |
_aMerceditas : _b(novela) / _cBárbara Moreno García ; prólogo León David |
| 264 | 1 |
_aAlemania : _bDatadruck GmbH, _c2012. |
|
| 300 |
_a425 páginas _c21 cm. |
||
| 336 |
_2rdacontent _atexto _btxt |
||
| 337 |
_2rdamedia _asin mediación _bn |
||
| 338 |
_2rdacarrier _avolumen _bnc |
||
| 500 | _aIncluye datos biográficos de la autora en la página 425. | ||
| 500 | _aIncluye notas a pie de paginas. | ||
| 590 | _aInventariado, 2023/ YL | ||
| 700 | 1 |
_aSilié, Rubén, _d1946- _eprólogo _91421 |
|
| 910 | _aYLockward | ||
| 942 |
_2ddc _cLBS1 |
||
| 999 |
_c54988 _d54988 |
||